Online
Catalog
Normal view MARC view

Entry Nombre personal

Number of records used in: 14

001 - NÚMERO DE CONTROL

  • campo de control: 12302

003 - IDENTIFICADOR DEL NÚMERO DE CONTROL

  • campo de control: OSt

005 - FECHA Y HORA DE LA ÚLTIMA TRANSACCIÓN

  • campo de control: 20230131091612.0

008 - DATOS DE LONGITUD FIJA

  • campo de control de longitud fija: 200615|| aca||aabn | a|a d

040 ## - FUENTE DE LA CATALOGACIÓN

  • Centro catalogador/agencia de origen: DO-SdBNP
  • Lengua de catalogación: spa
  • Centro/agencia transcriptor: BNPHU

100 1# - ENCABEZAMIENTO-NOMBRE DE PERSONA

  • Nombre de persona: Contreras, Marivell

370 ## - LUGAR ASOCIADO

  • Lugar de nacimiento: Monte Plata, República Dominicana

374 ## - OCUPACIÓN

  • Ocupación: Periodista

375 ## - GÉNERO/SEXO

  • Género/Sexo: Femenino

377 ## - LENGUA/LENGUAJE ASOCIADO

  • Código del idioma: spa

400 1# - TRAZADO DE VÉASE--NOMBRE DE PERSONA

  • Nombre de persona: C., Marivell

670 ## - FUENTE DE DATOS ENCONTRADOS

  • Cita de la fuente: Work cat.: (OSt)3977: Contreras, Marivell, Hija de la tormenta /, 2006.

670 ## - FUENTE DE DATOS ENCONTRADOS

  • Cita de la fuente: Mujer ante el espejo, 2003

670 ## - FUENTE DE DATOS ENCONTRADOS

  • Cita de la fuente: El silencio de Abril, 2013

Powered by Koha